| 000 | 01586cam a22004217a 4500 | ||
|---|---|---|---|
| 003 | CHAP | ||
| 005 | 20220329142830.0 | ||
| 008 | 040604s2003 mx a r 00010 spa d | ||
| 010 | _a88426 | ||
| 011 | _a89398 | ||
| 035 | _a99949 | ||
| 040 | _cCHAP | ||
| 090 | _aTesis | ||
| 100 | 0 | 0 |
_aGarcía Rodríguez, Paula. _946539 |
| 245 | 1 | 0 |
_aProducción de alcatraz de color (Zantedeschia spp.) usando diferentes relaciones nitrato/amonio y la aceptación del consumidor final _c/por Paula García Rodríguez |
| 260 |
_aChapingo, Méx. : _bEl autor, _c2003. |
||
| 300 |
_a98 h. : _bilus. ; gráfs. |
||
| 502 | _aTesis (Ing. Agr. Esp. en Fitotecnia) -- UACH. Departamento de Fitotecnia | ||
| 530 | _aTambién disponible en línea | ||
| 590 |
_aALEPH _b10 _c20130110 _lUCH01 _h1458 |
||
| 590 |
_aBATCH-UPD _b10 _c20130110 _lUCH01 _h0601 |
||
| 590 |
_aBATCH-UPD _b10 _c20130410 _lUCH01 _h0242 |
||
| 590 |
_aBATCH-UPD _b10 _c20130913 _lUCH01 _h2351 |
||
| 590 |
_aBATCH-UPD _b10 _c20140324 _lUCH01 _h1445 |
||
| 590 |
_aBATCH-UPD _b10 _c20141002 _lUCH01 _h0822 |
||
| 590 |
_aCONVERSION _b10 _c20130109 _lUCH01 _h1349 |
||
| 650 | 1 | 4 |
_aAlcatraz _xProducción. _93589 |
| 650 | 1 | 4 |
_aAmonio. _95418 |
| 650 | 1 | 4 |
_aFertilizantes nitrogenados. _940596 |
| 650 | 1 | 4 |
_aSiembra en maceta. _9105841 |
| 650 | 1 | 4 |
_aZantedeschia. _9123624 |
| 856 |
_3Finding aid _uhttp://10.13.5.2/tesis/99949.pdf _zTeclea aqui |
||
| 901 | _aBK | ||
| 905 | _aAlejandra Carrasco M. | ||
| 942 | _cFOLL | ||
| 949 |
_aTesis _bBC _cTES _d33724000794871 _eTS2 _fc.2 _h41975 _i99949 _si |
||
| 949 |
_aTesis _bBC _cTES _d999491 _eTS1 _h41974 _i99949 _sb |
||
| 999 |
_c88426 _d88426 |
||